[Event "GER-ch U18"]
[Site "Willingen"]
[Date "2016.05.21"]
[Round "9"]
[White "Bugdahl, Felix"]
[Black "Philipp, Mathias"]
[Result "0-1"]
[WhiteElo "1826"]
[BlackElo "1870"]
[PlyCount "58"]
[EventDate "2016.05.15"]
[EventType "swiss"]
[EventRounds "9"]
[EventCountry "GER"]
[SourceTitle "CBM 172 Extra"]
[Source "ChessBase"]
[SourceDate "2016.06.21"]
[SourceVersion "1"]
[SourceVersionDate "2016.06.21"]
[SourceQuality "1"]

1. e4 e5 2. Nf3 Nc6 3. Nc3 Nf6 4. a3 a6 5. d4 exd4 6. Nxd4 d5 7. Bg5 Be7 8. Nxc6 bxc6 9. Bd3 Nxe4 10. Bxe7 Qxe7 11. Nxe4 dxe4 12. Bc4 0-0 13. 0-0 Bf5 14. Re1 Qc5 15. Qe2 a5 16. b3 Rad8 17. a4 Bg6 18. Rad1 Rd6 19. h4 h5 20. c3 Rfd8 21. Rxd6 cxd6 22. Qb2 d5 23. Bf1 Rb8 24. c4 dxc4 25. Rc1 Rxb3 26. Qa2 Qb6 27. Rc2 e3 28. Re2 Bd3 29. Rxe3 Rb1 0-1

[Event "GER-ch U18"]
[Site "Willingen"]
[Date "2016.05.17"]
[Round "4"]
[White "Mierzwa, Robert"]
[Black "Bugdahl, Felix"]
[Result "1-0"]
[WhiteElo "1976"]
[BlackElo "1826"]
[PlyCount "39"]
[EventDate "2016.05.15"]
[EventType "swiss"]
[EventRounds "9"]
[EventCountry "GER"]
[SourceTitle "CBM 172 Extra"]
[Source "ChessBase"]
[SourceDate "2016.06.21"]
[SourceVersion "1"]
[SourceVersionDate "2016.06.21"]
[SourceQuality "1"]

1. d4 Nf6 2. c4 g6 3. Nc3 d5 4. cxd5 Nxd5 5. e4 Nxc3 6. bxc3 Bg7 7. Nf3 c5 8. Rb1 Nc6 9. d5 Ne5 10. Nxe5 Bxe5 11. Qb3 0-0 12. Be2 Qc7 13. h3 Kh8 14. 0-0 f5 15. f4 Bg7 16. e5 g5 17. g3 Bxe5 18. fxe5 Qxe5 19. c4 Qxg3+ 20. Qxg3 1-0

[Event "Mecklenburg VP VL 1516"]
[Site "Mecklenburg VP"]
[Date "2016.04.10"]
[Round "8.7"]
[White "Giese, Lothar"]
[Black "Bugdahl, Felix"]
[Result "1/2-1/2"]
[WhiteElo "1800"]
[BlackElo "1781"]
[PlyCount "45"]
[EventDate "2015.09.20"]
[EventType "team-tourn"]
[EventRounds "9"]
[EventCountry "GER"]
[SourceTitle "EXT 2022"]
[Source "ChessBase"]
[SourceDate "2021.10.06"]
[SourceVersion "1"]
[SourceVersionDate "2021.10.06"]
[SourceQuality "1"]
[WhiteTeam "Stralsund FHSG"]
[BlackTeam "Neubrandenburg SG Eintracht"]
[WhiteTeamCountry "GER"]
[BlackTeamCountry "GER"]

1. c4 Nf6 2. Nc3 g6 3. e4 Nc6 4. d4 d6 5. h3 Bg7 6. Nf3 0-0 7. Be2 e5 8. d5 Ne7 9. Be3 Nd7 10. g4 f5 11. gxf5 gxf5 12. Bg5 Qe8 13. Rg1 Nc5 14. Nd2 Ng6 15. b4 Nxe4 16. Ndxe4 fxe4 17. Nxe4 Bf5 18. Bd3 Kh8 19. h4 Nf4 20. f3 Qf7 21. Bxf4 Bxe4 22. Bxe4 Qxf4 23. Qe2 1/2-1/2

[Event "Mecklenburg VP U18"]
[Site "Malchow"]
[Date "2016.02.02"]
[Round "7.1"]
[White "Schumann, Rabea"]
[Black "Bugdahl, Felix"]
[Result "1/2-1/2"]
[WhiteElo "1863"]
[BlackElo "1847"]
[PlyCount "28"]
[EventDate "2016.02.02"]
[EventType "swiss"]
[EventRounds "7"]
[EventCountry "GER"]
[SourceTitle "EXT 2024"]
[Source "ChessBase"]
[SourceDate "2023.10.10"]
[SourceVersion "1"]
[SourceVersionDate "2023.10.10"]
[SourceQuality "1"]

1. c4 c5 2. g3 Nf6 3. Bg2 g6 4. Nc3 e6 5. e4 Nc6 6. Nge2 Bg7 7. 0-0 0-0 8. d3 d6 9. a3 a6 10. Rb1 Rb8 11. b4 cxb4 12. axb4 b5 13. cxb5 axb5 14. Be3 e5 1/2-1/2

[Event "Mecklenburg VP-ch U16"]
[Site "Malchow"]
[Date "2015.02.??"]
[Round "1.2"]
[White "Bugdahl, Felix"]
[Black "Stuppe, Hannes"]
[Result "1-0"]
[WhiteElo "1647"]
[BlackElo "1338"]
[PlyCount "45"]
[EventDate "2015.02.04"]
[EventType "swiss"]
[EventRounds "7"]
[EventCountry "GER"]
[SourceTitle "EXT 2022"]
[Source "ChessBase"]
[SourceDate "2021.10.06"]
[SourceVersion "1"]
[SourceVersionDate "2021.10.06"]
[SourceQuality "1"]

1. Nf3 d5 2. g3 Nf6 3. Bg2 Bf5 4. 0-0 e6 5. d4 Nc6 6. Nbd2 Ne4 7. c3 Nd6 8. Nh4 g5 9. Nxf5 Nxf5 10. e4 dxe4 11. Nxe4 h6 12. Qb3 Rb8 13. Re1 Qe7 14. Nc5 Nd8 15. Qa4+ c6 16. Qxa7 Rc8 17. Bh3 Nd6 18. Qb6 Rg8 19. a4 Ra8 20. Qb3 Bg7 21. Bxe6 fxe6 22. Nxe6 Qd7 23. Nc5+ 1-0

[Event "Mecklenburg VP-ch U16"]
[Site "Malchow"]
[Date "2015.02.??"]
[Round "6.2"]
[White "Karrasch, Lars"]
[Black "Bugdahl, Felix"]
[Result "1/2-1/2"]
[WhiteElo "1667"]
[BlackElo "1647"]
[PlyCount "73"]
[EventDate "2015.02.04"]
[EventType "swiss"]
[EventRounds "7"]
[EventCountry "GER"]
[SourceTitle "EXT 2022"]
[Source "ChessBase"]
[SourceDate "2021.10.06"]
[SourceVersion "1"]
[SourceVersionDate "2021.10.06"]
[SourceQuality "1"]

1. d4 Nf6 2. e3 d5 3. Nf3 c6 4. c4 e6 5. Nc3 Bd6 6. Be2 Nbd7 7. 0-0 e5 8. dxe5 Nxe5 9. cxd5 c5 10. b3 Nfg4 11. h3 Nxf3+ 12. Bxf3 Nh2 13. Re1 Be5 14. Bb2 Qf6 15. Rc1 Nxf3+ 16. Qxf3 Qxf3 17. gxf3 Bxh3 18. Nb5 a6 19. Bc3 Bb8 20. Na3 0-0 21. Bb2 b6 22. Rcd1 b5 23. Rd2 Rd8 24. f4 Bg4 25. Be5 Bf3 26. e4 Bxe5 27. fxe5 Re8 28. d6 Rxe5 29. d7 Rd8 30. Re3 Bg4 31. f3 Bxd7 32. Red3 Re7 33. Nc2 Kf8 34. Ne3 f6 35. Nf5 Rf7 36. Nd6 Re7 37. Nf5 1/2-1/2

[Event "Mecklenburg VP-ch U16"]
[Site "Malchow"]
[Date "2014.02.03"]
[Round "4"]
[White "Goldbach, Aaron"]
[Black "Bugdahl, Felix"]
[Result "1-0"]
[WhiteElo "1551"]
[BlackElo "1530"]
[PlyCount "69"]
[EventDate "2014.02.01"]
[EventType "swiss"]
[EventRounds "7"]
[EventCountry "GER"]
[SourceTitle "EXT 2017"]
[Source "ChessBase"]
[SourceDate "2016.10.25"]
[SourceVersion "1"]
[SourceVersionDate "2016.10.25"]
[SourceQuality "1"]

1. d4 Nf6 2. Nf3 g6 3. c4 Bg7 4. Nc3 0-0 5. e4 d6 6. Be2 e5 7. Be3 Nc6 8. d5 Ne7 9. Nd2 Nd7 10. f3 f5 11. 0-0 f4 12. Bf2 g5 13. b4 Rf6 14. c5 Rh6 15. g3 Nf6 16. g4 Rg6 17. Nc4 h5 18. h3 Kf7 19. cxd6 cxd6 20. Nb5 Ne8 21. Bxa7 Rxa7 22. Nxa7 Bd7 23. a4 Nc7 24. b5 hxg4 25. hxg4 Qh8 26. Kg2 Qh4 27. Qe1 Qh7 28. Rh1 Qg8 29. Rc1 Qb8 30. Qa5 Kg8 31. Nxe5 Bxe5 32. Qxc7 Qxa7 33. Qxd7 Qe3 34. Qe8+ Kg7 35. Qxe7+ 1-0

[Event "Mecklenburg VP-ch U16"]
[Site "Malchow"]
[Date "2014.02.01"]
[Round "2"]
[White "Matuschak, Henry"]
[Black "Bugdahl, Felix"]
[Result "0-1"]
[WhiteElo "1057"]
[BlackElo "1530"]
[PlyCount "72"]
[EventDate "2014.02.01"]
[EventType "swiss"]
[EventRounds "7"]
[EventCountry "GER"]
[SourceTitle "EXT 2017"]
[Source "ChessBase"]
[SourceDate "2016.10.25"]
[SourceVersion "1"]
[SourceVersionDate "2016.10.25"]
[SourceQuality "1"]

1. e4 c5 2. Nc3 Nc6 3. Nf3 e6 4. Bc4 a6 5. a3 b5 6. Ba2 Bb7 7. 0-0 Qc7 8. Re1 Bd6 9. g3 h5 10. Nd5 exd5 11. exd5+ Ne5 12. Nxe5 Bxe5 13. d4 cxd4 14. Qxd4 d6 15. Bf4 f6 16. Bxe5 fxe5 17. Re2 Ne7 18. Qe4 Bc8 19. Rae1 Bf5 20. Qh4 Bg4 21. Re4 Bf3 22. R4e3 Nf5 23. Rxe5+ dxe5 24. Qf4 Bg4 25. d6 Nxd6 26. Qxe5+ Kd8 27. Qg5+ Kc8 28. Re7 Qd8 29. Qc5+ Kb8 30. Rxg7 Bh3 31. Bd5 Re8 32. Qc3 Ra7 33. Rxa7 Kxa7 34. f3 Qb6+ 35. Kh1 Re2 36. b3 Bg2# 0-1

[Event "Mecklenburg VP LL2 Ost 1213"]
[Site "Mecklenburg VP"]
[Date "2013.04.14"]
[Round "8.8"]
[White "Wahrmann, Eric"]
[Black "Bugdahl, Felix"]
[Result "0-1"]
[WhiteElo "1497"]
[BlackElo "1453"]
[PlyCount "62"]
[EventDate "2012.10.14"]
[EventType "team-tourn"]
[EventRounds "9"]
[EventCountry "GER"]
[SourceTitle "EXT 2022"]
[Source "ChessBase"]
[SourceDate "2021.10.06"]
[SourceVersion "1"]
[SourceVersionDate "2021.10.06"]
[SourceQuality "1"]
[WhiteTeam "Malchow Schachinsel"]
[BlackTeam "Neubrandenburg SG Eintracht II"]
[WhiteTeamCountry "GER"]
[BlackTeamCountry "GER"]

1. d4 d5 2. Nf3 Nc6 3. c4 e5 4. dxe5 d4 5. Bg5 Be7 6. Bxe7 Ngxe7 7. g3 Bg4 8. Nbd2 Ng6 9. h3 Bxf3 10. Nxf3 Ngxe5 11. Nxe5 Nxe5 12. Bg2 c6 13. b3 0-0 14. 0-0 Re8 15. Be4 Qd7 16. Kg2 Rad8 17. Bd3 f6 18. Qc2 g6 19. Rae1 Kg7 20. Rd1 Nf7 21. Rh1 c5 22. Rhe1 Ng5 23. Rh1 Qc6+ 24. Kh2 Re7 25. Rhf1 Rde8 26. Rc1 Ne4 27. Rce1 Ng5 28. Rd1 Qe6 29. h4 Qh3+ 30. Kg1 Nf7 31. Qd2 Nh6 0-1

[Event "GER-chT North U16"]
[Site "Berlin"]
[Date "2012.09.08"]
[Round "5.3"]
[White "Bugdahl, Felix"]
[Black "Werthmann, Nils"]
[Result "0-1"]
[WhiteElo "1453"]
[BlackElo "1706"]
[PlyCount "74"]
[EventDate "2012.09.06"]
[EventType "team-swiss"]
[EventRounds "7"]
[EventCountry "GER"]
[SourceTitle "EXT 2015"]
[Source "ChessBase"]
[SourceDate "2014.11.20"]
[SourceVersion "1"]
[SourceVersionDate "2014.11.20"]
[SourceQuality "1"]
[WhiteTeam "Neubrandenburg"]
[BlackTeam "Potsdam"]
[WhiteTeamCountry "GER"]
[BlackTeamCountry "GER"]

1. e4 c5 2. Nf3 e6 3. d4 cxd4 4. Nxd4 Nc6 5. Nc3 Qc7 6. Be2 a6 7. 0-0 Nf6 8. Be3 Bb4 9. Na4 Bd6 10. Nxc6 bxc6 11. Nb6 Rb8 12. Nxc8 Rxc8 13. Bxa6 Rb8 14. f4 e5 15. f5 Rxb2 16. Bc4 0-0 17. Qd3 Rbb8 18. Rad1 Ng4 19. Rf3 Nxe3 20. Qxe3 Be7 21. Rg3 Kh8 22. Qf3 Bf6 23. Qh5 d6 24. Rh3 h6 25. Bb3 Rb4 26. c4 Rd8 27. Rdd3 d5 28. Rdg3 Kh7 29. exd5 cxd5 30. a3 Qa7+ 31. Kf1 Qxa3 32. cxd5 Rf4+ 33. Ke1 Rc8 34. Qxf7 Rc1+ 35. Bd1 Re4+ 36. Kd2 Qb2+ 37. Kd3 Qd4# 0-1

[Event "GER-chT North U16"]
[Site "Berlin"]
[Date "2012.09.07"]
[Round "4.3"]
[White "Thielicke, Niklas"]
[Black "Bugdahl, Felix"]
[Result "1-0"]
[WhiteElo "1508"]
[BlackElo "1453"]
[PlyCount "65"]
[EventDate "2012.09.06"]
[EventType "team-swiss"]
[EventRounds "7"]
[EventCountry "GER"]
[SourceTitle "EXT 2015"]
[Source "ChessBase"]
[SourceDate "2014.11.20"]
[SourceVersion "1"]
[SourceVersionDate "2014.11.20"]
[SourceQuality "1"]
[WhiteTeam "Cothen Germania"]
[BlackTeam "Neubrandenburg"]
[WhiteTeamCountry "GER"]
[BlackTeamCountry "GER"]

1. d4 d5 2. e3 c6 3. Bd3 Nf6 4. Nd2 Nbd7 5. f4 c5 6. c3 c4 7. Bc2 e6 8. Ngf3 Be7 9. Ne5 Nxe5 10. fxe5 Ng8 11. 0-0 b6 12. Qf3 f5 13. g4 g6 14. gxf5 exf5 15. e4 Nh6 16. exd5 Bb7 17. Ba4+ Kf8 18. Qh3 Ng4 19. Qxg4 Qxd5 20. Qf3 Bg5 21. Qxd5 Be3+ 22. Kh1 Bxd5+ 23. Nf3 Bxc1 24. Raxc1 g5 25. Kg1 Ke7 26. Nd2 Ke6 27. Bb5 Rac8 28. a4 a5 29. b3 cxb3 30. c4 b2 31. cxd5+ Kxd5 32. Bc4+ Kxd4 33. Rc2 1-0

[Event "GER-ch U12"]
[Site "Oberhof"]
[Date "2011.06.14"]
[Round "6"]
[White "Waechter, Nathalie"]
[Black "Bugdahl, Felix"]
[Result "1-0"]
[WhiteElo "1707"]
[BlackElo "1350"]
[PlyCount "115"]
[EventDate "2011.06.11"]
[EventType "swiss"]
[EventRounds "11"]
[EventCountry "GER"]
[SourceTitle "CBM 142 Extra"]
[Source "ChessBase"]
[SourceDate "2011.06.27"]
[SourceVersion "1"]
[SourceVersionDate "2011.06.27"]
[SourceQuality "1"]

1. e4 c6 2. d4 d5 3. exd5 cxd5 4. c4 Nf6 5. Nc3 e6 6. Nf3 b6 7. cxd5 Nxd5 8. Bd3 Bb4 9. Bd2 Bb7 10. 0-0 Nc6 11. a3 Be7 12. Re1 0-0 13. Qe2 Bf6 14. Qe4 g6 15. Bh6 Bg7 16. Bxg7 Kxg7 17. Rad1 Nf6 18. Qh4 h5 19. Bc2 Ne7 20. Ng5 Rc8 21. Rxe6 Rxc3 22. bxc3 Qd5 23. Be4 Nxe4 24. Rxe4 Nf5 25. Qf4 Nd6 26. Qe5+ Kh6 27. Qxd5 Bxd5 28. Re5 Bb3 29. Rb1 f6 30. Ree1 Kxg5 31. Rxb3 Rc8 32. f3 Nc4 33. Re2 f5 34. Kf2 h4 35. a4 Rc7 36. Rb1 Rd7 37. Rd1 Rd5 38. Rde1 Kh5 39. Rg1 Kg5 40. Ke1 Ra5 41. Ra2 b5 42. Ke2 bxa4 43. Kd3 Nb6 44. c4 Kf4 45. Rga1 g5 46. c5 Nd5 47. Rxa4 Rxa4 48. Rxa4 a6 49. c6 h3 50. gxh3 Kxf3 51. Rc4 Nb6 52. c7 Kg2 53. c8Q Nxc8 54. Rxc8 g4 55. hxg4 fxg4 56. d5 Kxh2 57. d6 g3 58. d7 1-0

[Event "GER-ch U12"]
[Site "Oberhof"]
[Date "2011.06.13"]
[Round "3"]
[White "Schmidt, Tobias"]
[Black "Bugdahl, Felix"]
[Result "1/2-1/2"]
[WhiteElo "1580"]
[BlackElo "1350"]
[PlyCount "110"]
[EventDate "2011.06.11"]
[EventType "swiss"]
[EventRounds "11"]
[EventCountry "GER"]
[SourceTitle "CBM 142 Extra"]
[Source "ChessBase"]
[SourceDate "2011.06.27"]
[SourceVersion "1"]
[SourceVersionDate "2011.06.27"]
[SourceQuality "1"]

1. e4 c6 2. d4 d5 3. Nc3 e6 4. Nf3 Bb4 5. Bd3 Nf6 6. e5 Bxc3+ 7. bxc3 Ne4 8. Bxe4 dxe4 9. Ng5 f5 10. exf6 Qxf6 11. Nxe4 Qg6 12. Ng3 0-0 13. 0-0 b6 14. Be3 Nd7 15. Qd3 Qf7 16. Ne4 h6 17. Nd6 Qf6 18. Qc4 c5 19. Nxc8 Raxc8 20. Qe2 c4 21. Rab1 a6 22. Rb4 b5 23. Re1 Nb6 24. Bd2 Nd5 25. Rb2 Nf4 26. Bxf4 Qxf4 27. Qe3 Qf7 28. Qxe6 Rce8 29. Qxf7+ Kxf7 30. Rxe8 Rxe8 31. Kf1 g5 32. f3 Re3 33. Kf2 Rxc3 34. Ke2 Ra3 35. Kd1 Ke6 36. Ke2 Kd5 37. Kd1 Kxd4 38. c3+ Rxc3 39. Ke2 Re3+ 40. Kf2 c3 41. Rb4+ Kd3 42. Rb3 Re2+ 43. Kf1 Kd2 44. Rxc3 Re1+ 45. Kf2 Rf1+ 46. Kxf1 Kxc3 47. Ke2 Kb2 48. g3 b4 49. f4 gxf4 50. gxf4 Kxa2 51. f5 b3 52. f6 b2 53. f7 b1Q 54. f8Q Qe4+ 55. Kf2 Qh4+ 1/2-1/2

[Event "Mecklenburg VP-ch U12"]
[Site "Malchow"]
[Date "2011.02.14"]
[Round "4.2"]
[White "Bugdahl, Felix"]
[Black "Schluckner, Paul Leopold"]
[Result "1-0"]
[WhiteElo "1374"]
[BlackElo "988"]
[PlyCount "51"]
[EventDate "2011.02.14"]
[EventType "swiss"]
[EventRounds "7"]
[EventCountry "GER"]
[SourceTitle "EXT 2022"]
[Source "ChessBase"]
[SourceDate "2021.10.06"]
[SourceVersion "1"]
[SourceVersionDate "2021.10.06"]
[SourceQuality "1"]

1. e4 e5 2. Nf3 Nc6 3. Bc4 Nf6 4. d3 Bc5 5. Be3 Bb6 6. Nc3 d6 7. Qd2 Be6 8. Bb3 Qe7 9. 0-0-0 Nd7 10. h3 Nc5 11. Bd5 Bxd5 12. Nxd5 Qd7 13. Bg5 f6 14. Bxf6 Qf7 15. Bh4 Ne6 16. c3 h6 17. Rdf1 g5 18. Bxg5 hxg5 19. Nxg5 Nxg5 20. Qxg5 Rg8 21. Nf6+ Kf8 22. Nxg8 Qxg8 23. Qf5+ Ke8 24. f4 Ne7 25. Qh5+ Kd7 26. fxe5 1-0

[Event "Mecklenburg VP-ch U12"]
[Site "Malchow"]
[Date "2011.02.14"]
[Round "1.2"]
[White "Tackmann, Lars Erik"]
[Black "Bugdahl, Felix"]
[Result "0-1"]
[WhiteElo "912"]
[BlackElo "1374"]
[PlyCount "38"]
[EventDate "2011.02.14"]
[EventType "swiss"]
[EventRounds "7"]
[EventCountry "GER"]
[SourceTitle "EXT 2022"]
[Source "ChessBase"]
[SourceDate "2021.10.06"]
[SourceVersion "1"]
[SourceVersionDate "2021.10.06"]
[SourceQuality "1"]

1. e4 e5 2. Nf3 Nc6 3. Bc4 Nf6 4. Nc3 Nxe4 5. Nxe4 d5 6. Bxd5 Qxd5 7. d3 Bf5 8. Qe2 0-0-0 9. 0-0 f6 10. Bd2 h5 11. h3 g5 12. Nh2 Bxe4 13. dxe4 Qxd2 14. Qxd2 Rxd2 15. Nf3 Rxc2 16. Rad1 Bb4 17. a3 Bd6 18. Nd2 Nd4 19. Rc1 Rxd2 0-1

[Event "Mecklenburg VP-ch U12"]
[Site "Malchow"]
[Date "2011.02.14"]
[Round "7.2"]
[White "Tsoumanis, Neoptolemos"]
[Black "Bugdahl, Felix"]
[Result "0-1"]
[WhiteElo "1134"]
[BlackElo "1374"]
[PlyCount "94"]
[EventDate "2011.02.14"]
[EventType "swiss"]
[EventRounds "7"]
[EventCountry "GER"]
[SourceTitle "EXT 2022"]
[Source "ChessBase"]
[SourceDate "2021.10.06"]
[SourceVersion "1"]
[SourceVersionDate "2021.10.06"]
[SourceQuality "1"]

1. e4 e5 2. Nf3 Nc6 3. Nc3 Nf6 4. d4 Bb4 5. Bg5 d6 6. d5 Nb8 7. a3 Bxc3+ 8. bxc3 c6 9. c4 Bg4 10. Be2 Nbd7 11. 0-0 h6 12. Bxf6 Nxf6 13. Nd2 h5 14. f3 Bd7 15. Rb1 Qc7 16. f4 exf4 17. Rxf4 Rh6 18. c3 g5 19. Rf2 g4 20. Qf1 Ke7 21. c5 dxc5 22. Nc4 cxd5 23. exd5 Nxd5 24. Rxf7+ Kd8 25. Rf8+ Be8 26. Qf5 Qc6 27. Na5 Qe6 28. Nxb7+ Ke7 29. Qxe6+ Rxe6 30. Rf2 Nxc3 31. Re1 Bb5 32. Kf1 Nxe2 33. Rfxe2 Rf8+ 34. Kg1 Bxe2 35. Nxc5 Re5 36. Nd3 Kd6 37. Nxe5 Rf1+ 38. Rxf1 Bxf1 39. Kxf1 Kxe5 40. Ke2 Kd4 41. Kd2 a5 42. h3 a4 43. h4 g3 44. Kd1 Kd3 45. Kc1 Ke2 46. Kc2 Kf2 47. Kd1 Kxg2 0-1

[Event "Mecklenburg VP-ch U12"]
[Site "Malchow"]
[Date "2010.02.??"]
[Round "7.4"]
[White "Bugdahl, Felix"]
[Black "Goldbach, Aaron"]
[Result "1-0"]
[WhiteElo "1192"]
[BlackElo "1108"]
[PlyCount "57"]
[EventDate "2010.02.10"]
[EventType "swiss"]
[EventRounds "7"]
[EventCountry "GER"]
[SourceTitle "EXT 2022"]
[Source "ChessBase"]
[SourceDate "2021.10.06"]
[SourceVersion "1"]
[SourceVersionDate "2021.10.06"]
[SourceQuality "1"]

1. e4 c5 2. Nf3 e6 3. d4 cxd4 4. Nxd4 Nc6 5. Nc3 Qc7 6. Be3 a6 7. Be2 Nf6 8. Qd2 Bb4 9. f3 0-0 10. 0-0 b5 11. a3 Bxc3 12. Qxc3 Bb7 13. Rad1 Rac8 14. Nxc6 Bxc6 15. e5 Nd5 16. Qd4 Rfd8 17. b3 d6 18. f4 dxe5 19. fxe5 Bb7 20. Bg5 Rd7 21. c4 Nb6 22. Qf4 Rxd1 23. Rxd1 bxc4 24. bxc4 h6 25. Bxh6 gxh6 26. Qxh6 Qxe5 27. Rd3 f5 28. Rg3+ Kf7 29. Qh7+ 1-0

[Event "Mecklenburg VP-ch U10"]
[Site "Malchow"]
[Date "2009.02.10"]
[Round "7.3"]
[White "Bugdahl, Felix"]
[Black "Sadewasser, Lucie"]
[Result "1-0"]
[WhiteElo "871"]
[BlackElo "932"]
[PlyCount "131"]
[EventDate "2009.02.07"]
[EventType "swiss"]
[EventRounds "7"]
[EventCountry "GER"]
[SourceTitle "EXT 2022"]
[Source "ChessBase"]
[SourceDate "2021.10.06"]
[SourceVersion "1"]
[SourceVersionDate "2021.10.06"]
[SourceQuality "1"]

1. e4 e5 2. Nf3 Nc6 3. Bc4 Nf6 4. d3 Bc5 5. Be3 Bb6 6. Nc3 d6 7. Qd2 Be6 8. Bd5 Ba5 9. Bxc6+ bxc6 10. d4 Nxe4 11. Qd3 Nxc3 12. bxc3 Qb8 13. 0-0 Qb2 14. Rab1 Qxc3 15. Rb7 Qxd3 16. cxd3 Bb6 17. dxe5 Bxe3 18. fxe3 Bxa2 19. exd6 cxd6 20. Ng5 0-0 21. Rf2 Be6 22. Nxe6 fxe6 23. Rc2 c5 24. h3 Rf7 25. Rb5 Raf8 26. Ra2 Rf1+ 27. Kh2 Ra8 28. Ra6 Rf6 29. Rb7 Rf7 30. Rb5 Rd7 31. e4 e5 32. Kh1 d5 33. Rxc5 dxe4 34. dxe4 Re8 35. Kh2 Rd4 36. Rxa7 Rxe4 37. Rcc7 Rf4 38. Rxg7+ Kh8 39. Rxh7+ Kg8 40. Rhe7 Rxe7 41. Rxe7 Re4 42. Kg3 Re3+ 43. Kf2 Re4 44. Kf3 Re1 45. g4 Rf1+ 46. Ke2 Rh1 47. Rxe5 Rxh3 48. g5 Rh5 49. Kf3 Rh7 50. Kg4 Rg7 51. Rb5 Kh7 52. Kh5 Kh8 53. g6 Re7 54. Kh6 Rh7+ 55. Kg5 Rg7 56. Rb8+ Rg8 57. Rb6 Kg7 58. Rb7+ Kh8 59. Kh6 Re8 60. Rf7 Kg8 61. Rf4 Re6 62. Kg5 Re7 63. Kf6 Rg7 64. Re4 Kh8 65. Rd4 Rg8 66. Rh4# 1-0